[Event "ch-Asian Individual w"]
[Site "Mashhad IRI"]
[Date "2011.05.08"]
[Round "7.14"]
[White "Ghaderi, Farzaneh"]
[Black "Hakimifard, Ghazal"]
[Result "0-1"]
[BlackTitle "WFM"]
[WhiteElo "1716"]
[BlackElo "2215"]
[WhiteFideId "12534510"]
[BlackFideId "12506540"]
[EventDate "2011.05.02"]

1. d4 d5 2. c4 dxc4 3. e3 e5 4. Bxc4 exd4 5. exd4 Nf6 6. Nf3 Bd6 7. O-O O-O 8.
h3 h6 9. Ne5 c6 10. Qb3 Qe7 11. Re1 b5 12. Bd3 Be6 13. Qc2 Nbd7 14. Bf4 Nd5 15.
Nxd7 Qxd7 16. Bxd6 Qxd6 17. Nd2 Nb4 18. Qc3 Rfd8 19. Nf3 a5 20. a3 Nxd3 21. Qxd3
Rab8 22. Qc3 a4 23. Rad1 b4 24. axb4 Rxb4 25. Rd2 Rb3 26. Qa5 Bd5 27. Ne5 Qf6
28. Ng4 Qh4 29. Kh2 Bxg2 30. Kxg2 Qxh3+ 31. Kg1 Qxg4+ 32. Kf1 Qh3+ 33. Kg1 Rd5 0-1

[Event "ch-Asian Individual w"]
[Site "Mashhad IRI"]
[Date "2011.05.09"]
[Round "8.1"]
[White "Harika, Dronavalli"]
[Black "Huang, Qian"]
[Result "1/2-1/2"]
[WhiteTitle "IM"]
[BlackTitle "WGM"]
[WhiteElo "2524"]
[BlackElo "2394"]
[WhiteFideId "5015197"]
[BlackFideId "8602689"]
[EventDate "2011.05.02"]

1. c4 Nf6 2. g3 g6 3. Bg2 d5 4. cxd5 Nxd5 5. Nc3 Nb6 6. d3 Bg7 7. Be3 Nc6 8. Rc1
O-O 9. Qd2 Nd4 10. Bh6 c6 11. h4 Bxh6 12. Qxh6 Nf5 13. Qd2 h5 14. Nf3 Nd4 15.
Ng5 e5 16. O-O Qe7 17. e3 Nf5 18. Nce4 f6 19. Nf3 Be6 20. b4 Bf7 21. Nc5 Rfd8
22. Qb2 Rab8 23. Rfe1 Nd7 24. Ne4 Nd6 25. Nfd2 Nxe4 26. Nxe4 Kg7 27. d4 Bd5 28.
a4 a6 29. a5 Re8 30. Qc3 Rbd8 31. Rcd1 f5 32. Nc5 Nxc5 33. dxc5 Bxg2 34. Kxg2
Qf6 1/2-1/2

[Event "ch-Asian Individual w"]
[Site "Mashhad IRI"]
[Date "2011.05.09"]
[Round "8.2"]
[White "Karavade, Eesha"]
[Black "Tan, Zhongyi"]
[Result "1/2-1/2"]
[WhiteTitle "IM"]
[BlackTitle "WGM"]
[WhiteElo "2330"]
[BlackElo "2428"]
[WhiteFideId "5012600"]
[BlackFideId "8603642"]
[EventDate "2011.05.02"]

1. d4 Nf6 2. c4 g6 3. Nf3 Bg7 4. g3 O-O 5. Bg2 c6 6. O-O d5 7. Qb3 dxc4 8. Qxc4
Be6 9. Qa4 Nbd7 10. Nc3 Bd5 11. Qc2 Bxf3 12. Bxf3 e5 13. dxe5 Nxe5 14. Bg2 Qe7
15. h3 Rad8 16. Be3 Nc4 17. Bc1 Rfe8 18. Rd1 Rxd1+ 19. Qxd1 Nd7 20. Qb3 Ndb6 21.
Bf3 Qc5 22. Qc2 Qb4 23. Rb1 Qa5 24. b4 Qe5 25. Rb3 Qe6 26. Kh2 Ne5 27. Bg2 Qc4
28. Qe4 f5 29. Qxc4+ Nexc4 30. Bf3 Ne5 31. Bg2 Nec4 32. Bf3 Ne5 33. Bg2 Nec4 1/2-1/2

[Event "ch-Asian Individual w"]
[Site "Mashhad IRI"]
[Date "2011.05.09"]
[Round "8.3"]
[White "Munguntuul, Batkhuyag"]
[Black "Pham, Le Thao Nguyen"]
[Result "0-1"]
[WhiteTitle "IM"]
[BlackTitle "WIM"]
[WhiteElo "2434"]
[BlackElo "2349"]
[WhiteFideId "4900758"]
[BlackFideId "12401226"]
[EventDate "2011.05.02"]

1. e4 Nf6 2. e5 Nd5 3. d4 d6 4. Nf3 dxe5 5. Nxe5 c6 6. Be2 Bf5 7. O-O Nd7 8. Nd3
e6 9. c4 N5b6 10. Qb3 Qc8 11. a4 Nf6 12. Bf4 Be7 13. Nc3 O-O 14. Rfd1 Rd8 15. a5
Nbd7 16. Na4 Bxd3 17. Rxd3 Nf8 18. Bf3 Ng6 19. Bg3 Rd7 20. Rad1 Bd6 21. Bxd6
Rxd6 22. Nc5 Rb8 23. Qa3 Qc7 24. Rb3 Rdd8 25. g3 Ne7 26. Rbd3 h6 27. b4 a6 28.
b5 axb5 29. cxb5 cxb5 30. a6 b4 31. Qa1 b6 32. a7 Ra8 33. Bxa8 Rxa8 34. Nb3 Rxa7
35. Qb2 Qc4 36. R3d2 Ned5 37. Rc2 Nc3 38. Re1 Nfd5 39. Nd2 Qd3 40. Nb1 Ra2 41.
Rxc3 Nxc3 42. Qxb4 Qf3 0-1

[Event "ch-Asian Individual w"]
[Site "Mashhad IRI"]
[Date "2011.05.09"]
[Round "8.4"]
[White "Nguyen, Thi Thanh An"]
[Black "Sukandar, Irine Kharisma"]
[Result "0-1"]
[WhiteTitle "WGM"]
[BlackTitle "WGM"]
[WhiteElo "2349"]
[BlackElo "2354"]
[WhiteFideId "12400300"]
[BlackFideId "7101937"]
[EventDate "2011.05.02"]

1. Nf3 Nf6 2. c4 e6 3. Nc3 b6 4. g3 Bb7 5. Bg2 Be7 6. O-O O-O 7. d4 d5 8. cxd5
exd5 9. Ne5 Nbd7 10. Qa4 Nb8 11. Bf4 c6 12. Rfd1 Nh5 13. Be3 Bd6 14. Bf3 Nf6 15.
Bg5 h6 16. Bf4 Qe7 17. Nd3 Bxf4 18. gxf4 Nbd7 19. Kh1 Ne4 20. Rg1 c5 21. Rg2 a6
22. Rag1 b5 23. Qb3 Kh8 24. dxc5 Ndxc5 25. Nxc5 Qxc5 26. Bxe4 dxe4 27. e3 g6 28.
Ne2 Rad8 29. Rc1 Qh5 30. Qc3+ Kh7 31. Nd4 Rc8 32. Qd2 Rfd8 33. Rxc8 Bxc8 34. Rg3
Bh3 35. Qc2 Rc8 36. Qd2 Rc5 37. f3 exf3 38. Nxf3 Bf5 39. Nd4 Be4+ 40. Kg1 a5 41.
h3 a4 42. a3 Qd5 43. Qb4 Rc1+ 44. Kf2 Rh1 45. Rg1 Rxh3 46. Qxb5 Rh2+ 47. Kg3 Qd8
48. Nf3 Bxf3 49. Kxf3 Qd2 50. Qc4 Rf2+ 51. Ke4 Qd7 52. Qd5 f5+ 53. Ke5 Qg7+ 54.
Kd6 Rc2 55. Ke6 Rc7 56. Qd8 Rc6+ 57. Kd5 Qb7 58. Kd4 Qxb2+ 0-1

[Event "ch-Asian Individual w"]
[Site "Mashhad IRI"]
[Date "2011.05.09"]
[Round "8.5"]
[White "Hoang, Thi Bao Tram"]
[Black "Padmini, Rout"]
[Result "0-1"]
[WhiteTitle "WGM"]
[BlackTitle "WGM"]
[WhiteElo "2311"]
[BlackElo "2342"]
[WhiteFideId "12401102"]
[BlackFideId "5029295"]
[EventDate "2011.05.02"]

1. d4 Nf6 2. Nf3 g6 3. Nc3 d5 4. Bf4 Bg7 5. e3 O-O 6. Be2 c6 7. Ne5 Nfd7 8. Nf3
Nf6 9. Ne5 Nbd7 10. h4 h5 11. Bd3 Qb6 12. a3 Nxe5 13. Bxe5 Ng4 14. Bxg7 Kxg7 15.
b3 e5 16. dxe5 d4 17. Ne4 dxe3 18. f4 Bf5 19. Qf3 Bxe4 20. Bxe4 Nf2 21. O-O Qd4
22. Rxf2 exf2+ 23. Kh2 Qxa1 0-1

[Event "ch-Asian Individual w"]
[Site "Mashhad IRI"]
[Date "2011.05.09"]
[Round "8.6"]
[White "Gomes, Mary Ann"]
[Black "Khademalsharieh, Sarasadat"]
[Result "1/2-1/2"]
[WhiteTitle "WGM"]
[BlackTitle "WFM"]
[WhiteElo "2334"]
[BlackElo "2137"]
[WhiteFideId "5013623"]
[BlackFideId "12512214"]
[EventDate "2011.05.02"]

1. Nf3 Nf6 2. g3 b6 3. Bg2 Bb7 4. O-O e6 5. c4 Be7 6. b3 O-O 7. Bb2 c5 8. Nc3 d5
9. e3 Nc6 10. d4 dxc4 11. bxc4 cxd4 12. exd4 Rc8 13. Ne5 Qc7 14. Nxc6 Bxc6 15.
d5 Bd7 16. dxe6 Bxe6 17. Nd5 Bxd5 18. cxd5 Rfd8 19. Re1 Qd7 20. Qb3 Qd6 21. Rad1
Qb4 22. Bh3 Qxb3 23. axb3 Rc7 24. Bxf6 gxf6 25. Bf5 Bd6 26. Re4 h6 27. Rde1 Kf8
28. Rg4 Re7 29. Rxe7 Bxe7 30. Bh7 Bc5 31. b4 Bd6 32. b5 Bc5 33. Be4 f5 34. Bxf5
Rxd5 35. Be4 Rd4 36. Bf5 Rd5 37. Bc8 Rd4 38. Rxd4 Bxd4 39. Kg2 Ke7 40. f4 Kd6
41. Kf3 Kc7 42. Ba6 Kd6 43. g4 Ke6 44. h4 f6 45. Bc8+ Kf7 46. Bf5 Bc5 47. Bd3
Kg7 48. Bc4 Bd4 49. Ke4 Bf2 50. h5 Bc5 1/2-1/2

[Event "ch-Asian Individual w"]
[Site "Mashhad IRI"]
[Date "2011.05.09"]
[Round "8.7"]
[White "Sabirova, Olga"]
[Black "Nakhbayeva, Guliskhan"]
[Result "1-0"]
[WhiteTitle "WIM"]
[BlackTitle "WIM"]
[WhiteElo "2247"]
[BlackElo "2207"]
[WhiteFideId "14200201"]
[BlackFideId "13704788"]
[EventDate "2011.05.02"]

1. e4 c6 2. Nc3 d5 3. Nf3 Bg4 4. h3 Bxf3 5. Qxf3 e6 6. b3 g6 7. Bb2 Bg7 8. O-O-O
d4 9. Ne2 c5 10. Nf4 Nc6 11. h4 Qc7 12. Bb5 Ne7 13. h5 O-O-O 14. Nd3 Rdf8 15.
hxg6 Nxg6 16. Bxc6 Qxc6 17. Kb1 f5 18. Rde1 b6 19. Qe2 fxe4 20. Qxe4 Qxe4 21.
Rxe4 e5 22. c4 Kd7 23. g3 h5 24. Kc2 Rf3 25. Kd1 a5 26. Ke2 Rff8 27. a3 a4 28.
b4 Kd6 29. Ne1 Bf6 30. Nf3 h4 31. d3 hxg3 32. Rxh8 Rxh8 33. fxg3 Rh1 34. bxc5+
Kxc5 35. Bxd4+ Kc6 36. Bc3 Kd6 37. Rg4 Ne7 38. Ng5 Kd7 39. Ne4 Bh8 40. Rh4 Rxh4
41. gxh4 Ng6 42. Be1 Nf4+ 43. Kd2 Bg7 44. Nc3 Bf8 45. Nxa4 Kc6 46. Bf2 Bxa3 47.
Bxb6 Bb4+ 48. Kc2 Be7 49. Bf2 Kd7 50. Nc5+ Kd6 51. Kc3 Nh3 52. Ne4+ Ke6 53. Bg3
Ng1 54. h5 Bf8 55. c5 Kd5 56. Kb4 Ne2 57. Bh2 Nd4 58. Nf6+ Ke6 59. Ne4 Kd5 60.
Bg1 Ne6 61. Kb5 Nd8 62. Be3 Bg7 63. h6 Bh8 64. Bg5 Nf7 65. c6 Ke6 66. Kb6 1-0

[Event "ch-Asian Individual w"]
[Site "Mashhad IRI"]
[Date "2011.05.09"]
[Round "8.8"]
[White "Swathi, Ghate"]
[Black "Pourkashiyan, Atousa"]
[Result "1-0"]
[WhiteTitle "WGM"]
[BlackTitle "WGM"]
[WhiteElo "2307"]
[BlackElo "2371"]
[WhiteFideId "5003474"]
[BlackFideId "12502014"]
[EventDate "2011.05.02"]

1. e4 c5 2. Nf3 e6 3. d4 cxd4 4. Nxd4 a6 5. Nc3 Qc7 6. Be2 b5 7. O-O Bb7 8. Re1
Nc6 9. Nxc6 dxc6 10. e5 Rd8 11. Bd3 Ne7 12. Bg5 Rd4 13. Qh5 Ng6 14. Ne2 Rd5 15.
Bxg6 fxg6 16. Qh3 Bc8 17. Nf4 Rxe5 18. Rad1 Rxg5 19. Nxe6 Bxe6 20. Qxe6+ Be7 21.
Rd6 Rc5 22. Red1 Kf8 23. Rd7 Re5 24. Rxc7 Rxe6 25. Rc8+ Bd8 26. Rcxd8+ Re8 27.
Rxe8+ Kxe8 28. Rd6 Ke7 29. Rxc6 Rd8 30. Kf1 Rd1+ 31. Ke2 Rb1 32. b3 Rb2 33. a3
Ra2 34. Rc7+ Kf6 35. h4 Rxa3 36. g4 h6 37. f4 Ra1 38. Kf3 Rf1+ 39. Ke4 Re1+ 40.
Kd5 Rd1+ 41. Kc5 Ra1 42. Kb6 Ra2 43. c3 Ra1 44. b4 Ra3 45. g5+ Kf5 46. Rf7+ Kg4
47. Rxg7 hxg5 48. Rxg6 Kxf4 49. Rxg5 Ra1 50. Rc5 Ke4 51. h5 Ra3 52. h6 Kf4 1-0

[Event "ch-Asian Individual w"]
[Site "Mashhad IRI"]
[Date "2011.05.09"]
[Round "8.9"]
[White "Nguyen, Thi Mai Hung"]
[Black "Soumya, Swaminathan"]
[Result "1-0"]
[WhiteTitle "WIM"]
[BlackTitle "WGM"]
[WhiteElo "2320"]
[BlackElo "2368"]
[WhiteFideId "12401676"]
[BlackFideId "5016193"]
[EventDate "2011.05.02"]

1. d4 c5 2. c3 Nf6 3. Nf3 e6 4. e3 b6 5. Nbd2 Bb7 6. Bd3 d5 7. O-O Nbd7 8. Ne5
Bd6 9. f4 O-O 10. Qf3 Qc7 11. Qh3 Rfe8 12. Ndf3 Nf8 13. Ng5 Re7 14. Bd2 Ne4 15.
Nxe4 dxe4 16. Be2 Qc8 17. Nc4 Rd7 18. Nxd6 Rxd6 19. f5 e5 20. Qg3 Nd7 21. Rfd1
Qd8 22. Be1 Qf6 23. dxe5 Nxe5 24. Rxd6 Qxd6 25. c4 f6 26. Rd1 Qc7 27. Bc3 Re8
28. b3 Re7 29. Rd2 Bc8 30. Qf4 Nf7 31. Qxc7 Rxc7 32. g4 Kf8 33. Kf2 Ke7 34. Kg3
Bb7 35. h4 Nd6 36. Kf4 Bc8 37. Bf1 h5 38. Bh3 hxg4 39. Bxg4 a6 40. Bh3 Bd7 41.
h5 Nf7 42. Bg2 Ng5 43. Bxe4 Nxe4 44. Kxe4 Bc6+ 45. Kf4 Rd7 46. Rh2 Rd1 47. e4
Rf1+ 48. Ke3 Rg1 49. h6 gxh6 50. Bxf6+ Kf7 51. Bd8 Re1+ 52. Kd2 Rxe4 53. Bxb6
Re5 54. Rxh6 Bf3 55. f6 Be4 56. Bd8 Bb1 57. a3 Rg5 58. Be7 Rg2+ 59. Ke1 Rg3 60.
Rh4 Rc3 1-0

[Event "ch-Asian Individual w"]
[Site "Mashhad IRI"]
[Date "2011.05.09"]
[Round "8.11"]
[White "Hakimifard, Ghazal"]
[Black "Ghader Pour, Shayesteh"]
[Result "1-0"]
[WhiteTitle "WFM"]
[BlackTitle "WIM"]
[WhiteElo "2215"]
[BlackElo "2241"]
[WhiteFideId "12506540"]
[BlackFideId "12500747"]
[EventDate "2011.05.02"]

1. e4 e5 2. Nf3 Nc6 3. Bb5 Nge7 4. O-O a6 5. Ba4 g6 6. c3 Bg7 7. d4 exd4 8. cxd4
b5 9. Bb3 O-O 10. Nc3 d6 11. h3 Na5 12. Bc2 c5 13. Bg5 h6 14. Bf4 Nc4 15. b3 Na3
16. Bd3 c4 17. bxc4 bxc4 18. Qc1 cxd3 19. Qxa3 d5 20. Nxd5 Nxd5 21. exd5 Qxd5
22. Qxd3 Bb7 23. Qd2 g5 24. Be5 f6 25. Bh2 Rad8 26. Rab1 Rf7 27. Qc3 Qxa2 28.
Bc7 Bxf3 29. Bxd8 Bb7 30. Qb3 Qxb3 31. Rxb3 f5 32. Rd1 Rd7 33. Bb6 g4 34. hxg4
fxg4 35. Rc3 Rd6 36. Bc5 Rg6 37. Rb3 Bd5 38. Rb6 Rg5 39. Be7 Rf5 40. Rxa6 1-0

[Event "ch-Asian Individual w"]
[Site "Mashhad IRI"]
[Date "2011.05.09"]
[Round "8.12"]
[White "Hejazipour, Mitra"]
[Black "Alavi, Homa"]
[Result "0-1"]
[WhiteTitle "WIM"]
[WhiteElo "2240"]
[BlackElo "2008"]
[WhiteFideId "12505951"]
[BlackFideId "12507547"]
[EventDate "2011.05.02"]

1. Nf3 d5 2. c4 c6 3. e3 Nf6 4. d4 e6 5. Nbd2 Nbd7 6. Bd3 dxc4 7. Nxc4 b5 8.
Nce5 Nxe5 9. Nxe5 Bb7 10. O-O a6 11. a4 Bd6 12. Nf3 Qc7 13. e4 e5 14. axb5 axb5
15. Rxa8+ Bxa8 16. dxe5 Bxe5 17. Nxe5 Qxe5 18. Qe2 O-O 19. b4 Re8 20. Bb2 Qe7
21. Bxf6 Qxf6 22. Qc2 Qd4 23. Qb3 g6 24. Rd1 Qe5 25. Bb1 Qe7 26. Ba2 Bb7 27. Rd6
Bc8 28. Qf3 Bf5 29. Rd4 Qa7 30. Qd1 Bxe4 31. Rd2 Bf5 32. h3 Qe7 33. g4 Qe1+ 34.
Qxe1 Rxe1+ 35. Kg2 Be6 36. Bxe6 Rxe6 37. Kf3 Kg7 38. Rd7 h6 0-1

[Event "ch-Asian Individual w"]
[Site "Mashhad IRI"]
[Date "2011.05.09"]
[Round "8.13"]
[White "Vardkar, Mariam"]
[Black "Hamrakulova, Yulduz"]
[Result "0-1"]
[BlackTitle "WIM"]
[WhiteElo "1886"]
[BlackElo "2210"]
[WhiteFideId "12508322"]
[BlackFideId "14201151"]
[EventDate "2011.05.02"]

1. e4 e5 2. Nf3 Nf6 3. Nc3 Bb4 4. Nxe5 O-O 5. Be2 Re8 6. Nd3 Bxc3 7. dxc3 Nxe4
8. Nf4 d6 9. O-O Nd7 10. c4 Nf8 11. f3 Nc5 12. b3 Qf6 13. Rb1 c6 14. Nd3 Bf5 15.
Bb2 Qg6 16. Rf2 Rad8 17. Bf1 Nfe6 18. Rd2 h5 19. Ba3 Nxd3 20. Bxd3 Bxd3 21. Rxd3
d5 22. cxd5 Nf4 23. Rd2 Rxd5 24. g3 Ne2+ 25. Qxe2 Rxe2 26. Rxe2 h4 27. Rg2 h3
28. Re2 Ra5 29. Bb4 Rxa2 30. Rd1 Rxc2 31. Rd8+ Kh7 32. Re4 Rc1+ 33. Kf2 Rc2+ 34.
Kg1 Rg2+ 35. Kf1 Qxe4 36. fxe4 Rxh2 37. g4 Rb2 38. Rd3 h2 39. Rh3+ Kg6 40. Bd6
Rxb3 41. Rxh2 a5 42. Ra2 b6 43. Ra4 c5 44. Ke2 Kg5 45. e5 Rb4 46. Ra3 Kxg4 47.
Rg3+ Kf5 48. Rxg7 Ke6 49. Rg8 b5 50. Re8+ Kd5 51. Rc8 Rc4 52. Ra8 a4 53. Ra7 f6
54. Re7 fxe5 55. Bb8 Re4+ 56. Kf3 Rf4+ 57. Ke3 Rf5 58. Rd7+ Kc4 59. Ke4 Rf1 60.
Bxe5 Re1+ 61. Kf4 b4 62. Ra7 a3 63. Bd6 Re6 64. Be5 Kb3 65. Ke4 c4 66. Kd5 Re8
67. Kc5 c3 68. Kd4 c2 69. Rc7 a2 0-1

[Event "ch-Asian Individual w"]
[Site "Mashhad IRI"]
[Date "2011.05.09"]
[Round "8.14"]
[White "Ghaderi, Farzaneh"]
[Black "Asgarizadeh, Minoo"]
[Result "0-1"]
[WhiteElo "1716"]
[BlackElo "2029"]
[WhiteFideId "12534510"]
[BlackFideId "12512230"]
[EventDate "2011.05.02"]

1. d4 g6 2. c4 Bg7 3. Nf3 d6 4. g3 Nf6 5. Bg2 O-O 6. O-O Nbd7 7. Nc3 e5 8. e4 c6
9. b4 exd4 10. Nxd4 Ne5 11. Qb3 a5 12. b5 Nfd7 13. Ba3 Nc5 14. Bxc5 dxc5 15.
Nde2 Be6 16. bxc6 bxc6 17. Rac1 Nxc4 18. Qc2 Bh6 19. Rcd1 Qe7 20. Na4 Rab8 21.
Rd3 Bg7 22. Nf4 Nb2 23. Nxe6 fxe6 24. Rd2 Nxa4 25. Qxa4 Bd4 26. Qxc6 Qb7 27. Qa4
e5 28. Qc2 Qc6 29. Rb1 Rxb1+ 30. Qxb1 Qa4 31. Qc2 Qb4 32. Bf1 Kg7 33. Bc4 Rf3
34. Be6 c4 35. Kg2 Ra3 36. Qc1 c3 37. Rd3 Qb2 38. Qg5 Qxf2+ 39. Kh3 Qf6 40.
Qxf6+ Kxf6 41. Bb3 Rxb3 42. axb3 c2 43. Rf3+ Ke6 44. Rf1 Bb2 45. Kg4 c1=Q 46.
Rxc1 Bxc1 47. Kf3 Kd6 0-1